书目信息 |
| 题名: |
和青春期女孩说未来, 谈人生
|
|
| 作者: | 云晓 著 | |
| 分册: | ||
| 出版信息: | 北京 朝华出版社 2014 |
|
| 页数: | 249页 | |
| 开本: | 24cm | |
| 丛书名: | 青春期阅读 | |
| 单 册: | ||
| 中图分类: | G479 , G782 | |
| 科图分类: | ||
| 主题词: | 女生--nv sheng--青春期--心理健康--健康教育--家庭教育 | |
| 电子资源: | ||
| ISBN: | 978-7-5054-3703-6 | |
| 000 | 01091nam 2200277 450 | |
| 001 | 012001000777 | |
| 005 | 20131024172847.0 | |
| 010 | @a978-7-5054-3703-6@dCNY29.80 | |
| 099 | @aCAL 012014127442 | |
| 100 | @a20141020d2014 em y0chiy50 ea | |
| 101 | 0 | @achi |
| 102 | @aCN@b110000 | |
| 105 | @ay z 000yy | |
| 106 | @ar | |
| 200 | 1 | @a和青春期女孩说未来, 谈人生@Ahe qing chun qi nv hai shuo wei lai , tan ren sheng@f云晓著 |
| 210 | @a北京@c朝华出版社@d2014 | |
| 215 | @a249页@d24cm | |
| 225 | 2 | @a青春期阅读@Aqing chun qi yue du |
| 330 | @a本书共六章, 主要内容包括: 人生中, 你可能会遇到的问题 ; 修炼你的内心 —— 人生中收获美好未来的基础课 ; 亲情、友情、爱情 —— 人生中那些幸福的学问 ; 行走于未来 —— 你要掌握的那些处世之道 ; 注重生活细节 —— 成长为幸福的完美女性 ; 轻松迈过人生的那些陷阱 —— 人生可以从容一点、惬意一点。 | |
| 410 | 0 | @12001@a青春期阅读 |
| 606 | 0 | @a女生@Anv sheng@x青春期@x心理健康@x健康教育@x家庭教育 |
| 690 | @aG479@v5 | |
| 690 | @aG782@v5 | |
| 701 | 0 | @a云晓@Ayun xiao@4著 |
| 801 | 0 | @aCN@b江苏凤凰@c20191020 |
| 905 | @b1221288-91@dG479@e207@f4 | |
| 和青春期女孩说未来, 谈人生/云晓著.-北京:朝华出版社,2014 |
| 249页;24cm.-(青春期阅读) |
| ISBN 978-7-5054-3703-6:CNY29.80 |
| 本书共六章, 主要内容包括: 人生中, 你可能会遇到的问题 ; 修炼你的内心 —— 人生中收获美好未来的基础课 ; 亲情、友情、爱情 —— 人生中那些幸福的学问 ; 行走于未来 —— 你要掌握的那些处世之道 ; 注重生活细节 —— 成长为幸福的完美女性 ; 轻松迈过人生的那些陷阱 —— 人生可以从容一点、惬意一点。 |
| ● |
| 相关链接 |
|
|
|
|
正题名:和青春期女孩说未来, 谈人生
索取号:G479/207
 
预约/预借
| 序号 | 登录号 | 条形码 | 馆藏地/架位号 | 状态 | 备注 |
| 1 | 1221288 | 212212880 | 第一样本阅览室/ [索取号:G479/207] | 在馆 | |
| 2 | 1221289 | 212212899 | 教育系资料室/ [索取号:G479/207] | 在馆 | |
| 3 | 1221290 | 212212906 | 教育系资料室/ [索取号:G479/207] | 在馆 | |
| 4 | 1221291 | 212212915 | 第四借阅区/ [索取号:G479/207] | 在馆 |